000 00279nam a22001217a 4500
008 170307b xxu||||| |||| 00| 0 eng d
041 _aeng
080 _a661
100 _a6
101 _aSHM
245 _aATTENTION-DEFICIT HYPERACTIVITY DISORDER
_cBARKELY, R.A
942 _2udc
_cBK
999 _c7018
_d7018